Las técnicas de atletismo : manual práctico de enseñanza /

Bibliographic Details
Main Authors: Campos Granell, José (Author), Gallach Lazcorreta, José Enrique (Author)
Format: Electronic eBook
Language:Spanish
Published: Barcelona : Paidotribo, [2017]
Edition:Primera edición.
Subjects:
Online Access:Digitalia Hispánica

MARC

LEADER 00000nam a2200000Ii 4500
001 DIGEDPBR0241
003 NyNyDIG
006 m o d
007 cr |||||||||||
008 260105s2017 sp ob 000 0 spa d
035 |a (OCoLC)1227044856 
040 |a DGITA  |b eng  |e rda  |e pn  |c DGITA 
020 |a 9788499108049  |q ePub 
020 |z 9788480197854 
050 1 4 |a GV1061 ebook  
100 1 |a Campos Granell, José,  |e author. 
245 1 4 |a Las técnicas de atletismo :  |b manual práctico de enseñanza /  |c José Campos Granell, José Enrique Gallach Lazcorreta. 
250 |a Primera edición. 
264 1 |a Barcelona :  |b Paidotribo,  |c [2017] 
300 |a 1 online resource :  |b illustrations. 
336 |a text  |b txt  |2 rdacontent 
337 |a computer  |b c  |2 rdamedia 
338 |a online resource  |b cr  |2 rdacarrier 
347 |a text file  |2 rdaft 
347 |b EPUB 
504 |a Includes bibliographical references. 
588 0 |a Online resource; title from ePub title page (Digitalia, viewed January 5, 2026) 
650 0 |a Athletics  |x Technique. 
650 0 |a Running  |x Training. 
700 1 |a Gallach Lazcorreta, José Enrique,  |e author. 
791 2 |a Digitalia (Firm),  |e distributor. 
793 0 |g Digitalia eBook Collection:  |a Editorial Paidotribo 
776 0 8 |i Print version:  |a Campos Granell, José.  |t Técnicas de atletismo.  |b 1a edición, 4a reimpresión.  |d Barcelona : Paidotribo, [2017]  |z 9788480197854 
856 4 0 |3 Digitalia Hispánica  |u https://www.digitaliapublishing.com/a/159890/ 
910 |a Premium collection: 2026